عرض عادي
عرض مارك
- Silver, Rita
مدخل إسم شخص
001 - رقم الضبط
- حقل الضبط: 45259
003 - معرف رقم الضبط
- حقل الضبط: OSt
005 - تاريخ ووقت أخر عملية
- حقل الضبط: 20140515201132.0
008 - عناصر بيانات ثابتة الطول
- حقل تحكم ثابت الطول: 140515|||a|||||| | ||| d
040 ## - مصدر الفهرسة
- هيئة الفهرسة الأصلية: OSt
- وكالة الكتابة: OSt
100 ## - مدخل -- أسم شخص
- إسم شخص: Silver, Rita
670 ## - بيانات المصدر موجوده
- الاستشهاد بالمصدر: Work cat.: (OSt)0: Language in education :
